Tuyển tập nhạc dân ca 3 miền

Đã lưu trong:
書目詳細資料
格式: 圖書
語言:Undetermined
出版: Cà Mau Mũi Cà Mau 2001
主題:
標簽: 添加標簽
沒有標簽, 成為第一個標記此記錄!
Thư viện lưu trữ: Trung tâm Học liệu Trường Đại học Cần Thơ
LEADER 00479nam a2200169Ia 4500
001 CTU_87449
008 210402s9999 xx 000 0 und d
020 |c 34000 
082 |a 782.42162 
082 |b D121 
245 0 |a Tuyển tập nhạc dân ca 3 miền 
260 |a Cà Mau 
260 |b Mũi Cà Mau 
260 |c 2001 
650 |a folk literature, vietnamese,songs, vietnamese 
904 |i Tuyến 
980 |a Trung tâm Học liệu Trường Đại học Cần Thơ